Statistics for Historical Timeline of Taiwan

Click here to take the quiz!

General Stats

  • This quiz has been taken 46 times
  • The average score is 4 of 6

Answer Stats

YearHintAnswer% Correct
1945Republic of C____Republic of China
100%
1895J_______ OccupationJapanese Occupation
95%
1683Man___ (Qing) DynastyManchu (Qing) Dynasty
76%
1624D____ FormosaDutch Formosa
68%
1626S______ FormosaSpanish Formosa
68%
1662Kingdom of Tungn___Kingdom of Tungning
32%

Score Distribution

Percentile by Number Answered

Percent of People with Each Score

Your Score History

You have not taken this quiz